[Event "Scheveningen"]
[Site "Kefar Sava ISR"]
[Date "2010.06.29"]
[Round "8"]
[White "Nedobora,M"]
[Black "Reshef,O"]
[Result "1-0"]
[WhiteElo "2388"]
[BlackElo "1950"]

1.d4 d5 2.c4 c6 3.Nf3 Nf6 4.Nc3 dxc4 5.a4 Bf5 6.e3 Nbd7 7.Bxc4 e6 8.a5 Bd6
9.O-O O-O 10.Nh4 Ng4 11.g3 Ngf6 12.Nxf5 exf5 13.Qf3 g6 14.a6 Qc7 15.axb7 Qxb7
16.h3 Nb6 17.Ba6 Qd7 18.g4 Kh8 19.Bd3 Rg8 20.Rd1 h5 21.gxf5 g5 22.Kf1 Rae8
23.e4 Bb8 24.Be3 Rg7 25.e5 g4 26.hxg4 Nxg4 27.Ke2 f6 28.e6 Qb7 29.Ba6 Qe7
30.Rh1 Rh7 31.Qxc6 Rg8 32.Rag1 Qb4 33.Qb5 Qd6 34.Ne4 Qc7 35.Qc5 Qd8 36.Bd2 Nd5
37.f3 Nf4+ 38.Bxf4 Bxf4 39.fxg4 h4 40.Kf3 Bc7 41.e7 Qb8 42.Qb5 Bb6 43.Nxf6 Qa8+
44.Qd5 Qxd5+ 45.Nxd5 Bxd4 46.Re1 Re8 47.Bb5 Bxb2 48.Bxe8 a5 49.Bf7 Rxf7 50.e8=Q+  1-0

[Event "IsBank TCh-TUR"]
[Site "Konya TUR"]
[Date "2010.06.30"]
[Round "3"]
[White "Gajewski,G"]
[Black "Solak,D"]
[Result "1-0"]
[WhiteElo "2572"]
[BlackElo "2547"]

1.d4 d5 2.c4 c6 3.Nf3 Nf6 4.Nc3 dxc4 5.a4 Bf5 6.e3 e6 7.Bxc4 Nbd7 8.O-O Bb4
9.Qe2 Bg4 10.h3 Bh5 11.Rd1 Bxc3 12.bxc3 Ne4 13.Qc2 Bxf3 14.gxf3 Nd6 15.Bf1 O-O
16.Ba3 Qc7 17.Qb3 b6 18.f4 c5 19.Bg2 Rac8 20.e4 Rfd8 21.a5 cxd4 22.cxd4 Nc4
23.axb6 axb6 24.Rac1 b5 25.e5 Qa7 26.Be7 Re8 27.Qxb5 Rxe7 28.Rxc4 Rxc4 29.Qxc4 Nf8
30.Qc5 g6 31.Be4 Rc7 32.Qxa7 Rxa7 33.Kg2 Kg7 34.Kf3 Ra3+ 35.Rd3 Rxd3+ 36.Bxd3 Nd7
37.Bb5 Nb6 38.Bc6 Nc8 39.Ke3 Ne7 40.Be4 Kf8 41.Kd3 Ng8 42.Kc4 Ke7 43.Kc5 Nh6
44.Kc6 Ng8 45.Kc7 Nh6 46.Kc8 Ng8 47.Kc7 Nh6 48.Bd3 Ng8 49.f5 gxf5 50.Bxf5 h5
51.h4 f6 52.Bg6 Nh6 53.f3 fxe5 54.dxe5 Ng8 55.Bxh5 Nh6 56.Bg6 Ng8 57.h5 Nh6
58.Kc6 Ng8 59.Kc5 Nh6 60.Kd4 Kf8 61.Ke4 Kg7 62.Kf4 Ng8 63.Kg5 Nh6 64.Be8 Nf5
65.Bd7 Nd4 66.h6+ Kh7 67.f4 Kh8 68.Be8 Nf3+ 69.Kf6 Nd4 70.Bf7 Ne2 71.f5 exf5
72.e6 Nc3 73.e7 Ne4+ 74.Ke5  1-0

[Event "King's Gambit A"]
[Site "Lipetsk RUS"]
[Date "2010.06.30"]
[Round "8"]
[White "Ovod,E"]
[Black "Kargin,A"]
[Result "1-0"]
[WhiteElo "2418"]
[BlackElo "2392"]

1.d4 d5 2.c4 c6 3.Nf3 Nf6 4.Nc3 dxc4 5.a4 Bf5 6.e3 e6 7.Bxc4 Bb4 8.Ne5 O-O
9.f3 Nbd7 10.e4 Bg6 11.Qb3 Qb6 12.Nd3 Ba5 13.Be3 Nd5 14.exd5 exd5 15.Bxd5 Bxd3
16.Qxb6 Nxb6 17.Kd2 Bc4 18.Be4 Bb3 19.Bd3 Rfe8 20.Rhb1 Rad8 21.Ra3 Nc4+ 22.Bxc4 Bxc4
23.b4 Bb6 24.Ne4 Bxd4 25.Bxd4 Rxd4+ 26.Ke3 Rd7 27.Kf4 f6 28.b5 cxb5 29.axb5 b6
30.Rb4 Bf1 31.g4 Re5 32.Rba4 Ree7 33.Rb4 Kf7 34.h4 Bd3 35.Nf2 Be2 36.h5 Rd5
37.Rba4 Bxb5 38.Rxa7 Rxa7 39.Rxa7+ Rd7 40.Ra3 Bc4 41.Ne4 Ke6 42.Re3 Kd5 43.h6 g5+
44.Kf5 Kd4 45.Re1 b5 46.Rd1+ Bd3 47.Rxd3+ Kxd3 48.Nc5+ Ke3 49.Nxd7 b4 50.Nc5 Kxf3
51.Nb3 Kg3 52.Nd4 Kh3 53.Kxf6 Kxg4 54.Kg7 Kf4 55.Kxh7 g4 56.Kg6 b3 57.h7 b2
58.Ne2+ Ke3 59.Nc3  1-0

[Event "1st Open"]
[Site "Marrakesh MAR"]
[Date "2010.06.30"]
[Round "7"]
[White "Benaino,S"]
[Black "Kiss,Pa1"]
[Result "0-1"]
[WhiteElo "2136"]
[BlackElo "2388"]

1.d4 d5 2.Nf3 Nf6 3.c4 c6 4.Nc3 dxc4 5.a4 Bf5 6.e3 e6 7.Bxc4 Bb4 8.O-O O-O
9.Qe2 Nbd7 10.e4 Bg6 11.Bd3 Bh5 12.e5 Nd5 13.Ne4 c5 14.Ng3 Bxf3 15.Qxf3 cxd4
16.Qe4 g6 17.Qxd4 Qc7 18.Bh6 Rfe8 19.Bf4 Bc5 20.Qe4 Nxf4 21.Qxf4 Qxe5 22.Qd2 Nf6
23.Rac1 Rad8 24.Qc2 b6 25.Ba6 Rd4 26.Rfe1 Qd6 27.Red1 Rd8 28.Be2 Qf4 29.Rxd4 Rxd4
30.Rf1 Rxa4 31.b3 Rd4 32.Qa2 a5 33.Qa1 Rd2 34.Qc3 h5 35.Bf3 Qd6  0-1

[Event "1st Open"]
[Site "Marrakesh MAR"]
[Date "2010.06.30"]
[Round "7"]
[White "Benitah,Y"]
[Black "Fargere,Fr"]
[Result "0-1"]
[WhiteElo "2385"]
[BlackElo "2489"]

1.d4 d5 2.c4 c6 3.Nc3 Nf6 4.Nf3 dxc4 5.a4 Bf5 6.Ne5 e6 7.f3 Bb4 8.e4 Bxe4
9.fxe4 Nxe4 10.Bd2 Qxd4 11.Nxe4 Qxe4+ 12.Qe2 Bxd2+ 13.Kxd2 Qd5+ 14.Kc2 Na6
15.Nxc4 O-O 16.Qe5 Rab8 17.Be2 f6 18.Qxd5 cxd5 19.Na3 Rfc8+ 20.Kb1 Nb4 21.Rc1 Rxc1+
22.Kxc1 Rc8+ 23.Kd2 Kf7 24.Re1 g6 25.Bd1 a6 26.Re3 Nc6 27.Rh3 Kg7 28.Rb3 Rc7
29.Rc3 Rd7 30.Nc2 f5 31.Be2 Ne7 32.b4 e5 33.b5 d4 34.Rb3 axb5 35.Bxb5 Rc7
36.g3 Nd5 37.Bf1 Nc3 38.a5 Ne4+ 39.Kd1 Kf6 40.Bg2 Rc5 41.Rxb7 Rxa5 42.Rxh7 Rb5
43.Bxe4 fxe4 44.Rh8 Kf5 45.Rf8+ Kg4 46.Nxd4 exd4 47.Rf4+ Kh3 48.Rxe4 Kxh2
49.Rxd4 Kxg3 50.Rd3+ Kf2 51.Rd6 g5 52.Rf6+ Kg2 53.Kd2 Kg3  0-1

[Event "5th Open"]
[Site "Wroclaw POL"]
[Date "2010.06.30"]
[Round "7"]
[White "Sieciechowicz,M"]
[Black "Bures,J"]
[Result "1/2-1/2"]
[WhiteElo "2427"]
[BlackElo "2327"]

1.d4 d5 2.c4 c6 3.Nf3 Nf6 4.Nc3 dxc4 5.a4 Bf5 6.Ne5 e6 7.f3 c5 8.e4 Bg6 9.Be3 cxd4
10.Qxd4 Qxd4 11.Bxd4 Nfd7 12.Nxd7 Nxd7 13.Bxc4 a6 14.Ke2 Rg8 15.Rhd1 Rc8
16.Ba2 Bc5 17.Rac1 Ke7 18.Bxc5+ Nxc5 19.b4 Nd7 20.Rd2 Ne5 21.f4 Nc6 22.Rb2 Rgd8
23.Ke3 Na7 24.g4 f6 25.Rbc2 Bf7 26.Ne2 Rxc2 27.Rxc2 Rc8 28.Rxc8 Nxc8 29.e5 fxe5
30.fxe5 Na7 31.Nd4 Kd7 32.a5 Nc6 33.Nxc6 Kxc6 34.Kd4 g5  1/2-1/2

[Event "IsBank TCh-TUR"]
[Site "Konya TUR"]
[Date "2010.07.01"]
[Round "4"]
[White "Gagunashvili,M"]
[Black "Mchedlishvili,M"]
[Result "1/2-1/2"]
[WhiteElo "2580"]
[BlackElo "2630"]

1.d4 d5 2.c4 c6 3.Nf3 Nf6 4.Nc3 dxc4 5.a4 Bf5 6.Ne5 Nbd7 7.Nxc4 Nb6 8.e3 e6
9.a5 Nxc4 10.Bxc4 Bd6 11.f3 e5 12.dxe5 Bxe5 13.Qxd8+ Rxd8 14.e4 Be6 15.Bxe6 fxe6
16.Be3 Bd4 17.Bxd4 Rxd4 18.Ra4 Rxa4 19.Nxa4 Ke7 20.Nc5 b6 21.axb6 axb6 22.Nd3 Nd7
23.Kd2 Ra8 24.Kc3 Ra5 25.Rd1 Ne5 26.Nxe5 Rxe5 27.Ra1 Rc5+ 28.Kd2 Rb5 29.Kc3 Rc5+
30.Kd2 Rb5 31.Kc3 Rc5+ 32.Kd2  1/2-1/2

[Event "IsBank TCh-TUR"]
[Site "Konya TUR"]
[Date "2010.07.02"]
[Round "5"]
[White "Sanikidze,T"]
[Black "Solak,D"]
[Result "1/2-1/2"]
[WhiteElo "2569"]
[BlackElo "2547"]

1.d4 d5 2.c4 c6 3.Nf3 Nf6 4.Nc3 dxc4 5.a4 Bf5 6.e3 e6 7.Bxc4 Nbd7 8.O-O Bb4
9.Qb3 a5 10.Na2 Be7 11.Qxb7 Rb8 12.Qa6 Ra8 13.Qb7 Rb8 14.Qa6 Ra8 15.Qb7 Rb8  1/2-1/2

[Event "IsBank TCh-TUR"]
[Site "Konya TUR"]
[Date "2010.07.02"]
[Round "5"]
[White "Borovikov,V"]
[Black "Gagunashvili,M"]
[Result "1/2-1/2"]
[WhiteElo "2599"]
[BlackElo "2580"]

1.d4 d5 2.c4 c6 3.Nf3 Nf6 4.Nc3 dxc4 5.a4 Bf5 6.e3 e6 7.Bxc4 Bb4 8.O-O O-O
9.Qe2 Bg6 10.Ne5 Nbd7 11.Nxg6 hxg6 12.Rd1 Qa5 13.Qc2 Rfd8 14.Bd2 c5 15.dxc5 Nxc5
16.Be1 Rxd1 17.Qxd1 Rd8 18.Qc2 a6 19.Rd1 Rxd1 20.Qxd1 Qc7 21.Be2 Qd7 22.Qc2 Nce4
23.Nxe4 Bxe1 24.Nxf6+ gxf6 25.Qd1 Qxd1 26.Bxd1 f5 27.Bf3 b6 28.Bb7 a5 29.Kf1 Bb4
30.b3  1/2-1/2

[Event "IsBank TCh-TUR"]
[Site "Konya TUR"]
[Date "2010.07.04"]
[Round "7"]
[White "Danelia,M"]
[Black "Sop,S"]
[Result "1/2-1/2"]
[WhiteElo "2203"]
[BlackElo "1963"]

1.d4 d5 2.c4 c6 3.Nf3 Nf6 4.Nc3 dxc4 5.a4 Bf5 6.Ne5 e6 7.e3 Bb4 8.Bxc4 Nbd7
9.Nxd7 Qxd7 10.O-O O-O 11.f3 Rfe8 12.Na2 Ba5 13.b4 Bc7 14.e4 Bg6 15.Be3 e5
16.d5 Red8 17.Nc3 Bb6 18.Bxb6 axb6 19.Qb3 Qc7 20.Rac1 cxd5 21.Nxd5 Nxd5 22.Bxd5 Qd7
23.b5 Rac8 24.Qe3 Rxc1 25.Rxc1 Rc8 26.Rc3 Kf8 27.h3 Rxc3 28.Qxc3 f6 29.Qc4 Ke7
30.Kf1 Ke8 31.Ke2 Ke7 32.Qb4+ Qd6 33.Qc3 Qd7 34.Qc4 h6 35.Ke1 Be8 36.Kf2 Bg6
37.g4 Be8 38.h4 h5 39.Kg3 g6 40.Qc1 hxg4 41.fxg4 Bf7 42.Qa3+ Ke8 43.Qb3 Kf8
44.Bxf7 Qxf7 45.Qe3 Qc7 46.Qh6+ Qg7 47.Qe3 Qc7 48.Qh6+ Qg7 49.Qd2 Qe7 50.Qh6+  1/2-1/2

[Event "IsBank TCh-TUR"]
[Site "Konya TUR"]
[Date "2010.07.05"]
[Round "9"]
[White "Kasimdzhanov,R"]
[Black "Solak,D"]
[Result "1/2-1/2"]
[WhiteElo "2699"]
[BlackElo "2547"]

1.d4 d5 2.c4 c6 3.Nf3 Nf6 4.Nc3 dxc4 5.a4 Bf5 6.Ne5 e6 7.f3 Bb4 8.e4 Bxe4
9.Nxf7 Kxf7 10.fxe4 c5 11.d5 exd5 12.exd5 Re8+ 13.Be2 Qe7 14.O-O Bxc3 15.Bh5+ Kg8
16.bxc3 Nxh5 17.Qxh5 Nd7 18.Bg5 Nf6 19.Bxf6 gxf6 20.Rad1 Qe3+ 21.Kh1 Qg5
22.Qh3 Re3 23.Qd7 Qg7 24.Qb5 Rxc3 25.Qxc5 Rc2 26.Rg1 Kh8 27.d6 Rg8 28.Qd5 Qd7
29.Qe4 Ra2 30.Qxc4 Rxa4 31.Qc3 Rf4 32.h3 b5 33.Qc7 Qxc7 34.dxc7 Rc4 35.Rd7 Rg7
36.Rd8+ Rg8 37.Rd7 Rg7 38.Rd8+  1/2-1/2

[Event "ch-SWE Mastarklassen"]
[Site "Lund SWE"]
[Date "2010.07.05"]
[Round "3"]
[White "Nilsson,V"]
[Black "Nizov,Anton"]
[Result "1/2-1/2"]
[WhiteElo "2133"]
[BlackElo "2035"]

1.d4 d5 2.c4 c6 3.Nf3 Nf6 4.Nc3 dxc4 5.a4 Bf5 6.e3 e6 7.Bxc4 Bb4 8.O-O Nbd7
9.Qe2 Bg6 10.Bd2 O-O 11.Rfd1 Qc7 12.Rac1 a5 13.Bd3 Bxd3 14.Qxd3 e5 15.Ne4 Bxd2
16.Rxd2 exd4 17.Nxd4 Nxe4 18.Qxe4 Nf6 19.Qf3 Rad8 20.Rcd1 Rd7 21.h3 Rfd8
22.Qf5 Rd5 23.Qc2 h5 24.Nf3  1/2-1/2

[Event "ch-SWE Veterans"]
[Site "Lund SWE"]
[Date "2010.07.05"]
[Round "3"]
[White "Wahlbom,M"]
[Black "Andersson,Ka"]
[Result "1-0"]
[WhiteElo "2288"]
[BlackElo "2098"]

1.d4 d5 2.c4 c6 3.Nf3 Nf6 4.Nc3 dxc4 5.a4 Bf5 6.e3 e6 7.Bxc4 Nbd7 8.O-O Bb4
9.Qe2 O-O 10.e4 Bg4 11.Bf4 Qa5 12.Qe3 Nh5 13.Ne5 Nb6 14.Bb3 Nxf4 15.Qxf4 Bxc3
16.bxc3 Qxc3 17.a5 Qxb3 18.axb6 Be2 19.Rfb1 Qc2 20.Rc1 Qb2 21.Rxa7 Qxb6 22.Qxf7+ Kh8
23.Rxb7 Rxf7 24.Nxf7+ Kg8 25.Rxb6 Kxf7 26.Rbxc6 Rd8 27.Rc7+ Kf6 28.e5+ Kg6
29.R7c6 Rxd4 30.Rxe6+ Kf5 31.Re7  1-0

[Event "9th Open"]
[Site "La Fere FRA"]
[Date "2010.07.08"]
[Round "7"]
[White "Dagnicourt,F"]
[Black "Barbry,Q"]
[Result "0-1"]
[WhiteElo "1748"]
[BlackElo "1565"]

1.d4 d5 2.c4 c6 3.Nf3 Nf6 4.Nc3 dxc4 5.a4 Bf5 6.e3 e6 7.Bxc4 Bb4 8.O-O Qc7
9.Qe2 Bxc3 10.bxc3 O-O 11.Bd3 Bxd3 12.Qxd3 Nbd7 13.c4 b6 14.Bb2 Rad8 15.Qc2 c5
16.Rfd1 cxd4 17.exd4 Rc8 18.Rac1 Nb8 19.Qe2 Qc6 20.Qc2 Rfd8 21.Re1 Qc7 22.Ne5 Nc6
23.Nxc6 Qxc6 24.Re3 Rd7 25.d5 exd5 26.Bxf6 gxf6 27.Rh3 dxc4 28.Qxh7+ Kf8
29.Qh6+ Ke7 30.Re1+ Kd8 31.Qf4 Rd6 32.Rh8+ Kc7 33.Re7+ Kb8 34.Rxc8+ Kxc8
35.Qf5+ Kd8 36.Re1 Qxa4 37.h4 Rd1 38.Qxf6+ Kc8 39.Qf5+ Qd7 40.Qe4 Rxe1+ 41.Qxe1 Qe6
42.Qxe6+ fxe6 43.Kf1 Kd8 44.h5 Ke7 45.Ke2 b5 46.f4 b4 47.Kd2 a5 48.g4 Kf6
49.g5+ Kg7 50.Ke3 b3  0-1

[Event "ch-SWE Mastarklassen"]
[Site "Lund SWE"]
[Date "2010.07.08"]
[Round "6"]
[White "Hedin,G"]
[Black "Broddefalk,A"]
[Result "1-0"]
[WhiteElo "2120"]
[BlackElo "2035"]

1.d4 d5 2.c4 c6 3.Nf3 Nf6 4.Nc3 dxc4 5.a4 Bf5 6.Ne5 Nbd7 7.Nxc4 Qc7 8.g3 e5
9.dxe5 Nxe5 10.Bf4 Nfd7 11.Bg2 g5 12.Nxe5 gxf4 13.Nxd7 O-O-O 14.Qd4 Qxd7
15.Qxf4 Qe6 16.O-O Bd6 17.Qf3 h5 18.Rad1 h4 19.Ne4 Be7 20.b4 hxg3 21.fxg3 Rxd1
22.Rxd1 Bxb4 23.Qf4 Bxe4 24.Bxe4 Bc5+ 25.Kh1 Rh5 26.g4 Be3 27.Qxe3 Qxg4 28.Bf3  1-0

[Event "ZDMI Open"]
[Site "Dresden GER"]
[Date "2010.07.10"]
[Round "1"]
[White "Kuelzer,M"]
[Black "Bannink,B"]
[Result "1/2-1/2"]
[WhiteElo "1825"]
[BlackElo "2270"]

1.d4 d5 2.c4 c6 3.Nf3 Nf6 4.Nc3 dxc4 5.a4 Bf5 6.e3 e6 7.Bxc4 Bb4 8.O-O O-O
9.Qe2 Bg6 10.Rd1 Nbd7 11.Na2 Bd6 12.Bd2 Ne4 13.Bb4 Bxb4 14.Nxb4 Bh5 15.Nd3 Ng5
16.Nde1 Qf6 17.e4 Nxf3+ 18.Nxf3 Rfd8 19.Ra3 e5 20.d5 Nb6 21.Ba2 cxd5 22.exd5 e4
23.Qxe4 Qxb2 24.Qd3 Bg6 25.Qc3 Qxc3 26.Rxc3 Nxa4 27.Rc7 b5 28.Ne5 Rd6 29.Rdc1 Nb6
30.R1c6 Rad8 31.Rxa7 f6 32.Nxg6 hxg6 33.Rcc7 R8d7 34.Rxd7 Nxd7 35.Rb7 Nb6
36.g3 Kh7 37.Kg2 Nxd5 38.Rxb5 Nc3 39.Rb2 f5 40.h4 f4 41.Rc2 Nxa2 42.Rxa2 fxg3
43.fxg3 g5 44.h5 Rd4 45.Kh3 g6 46.hxg6+ Kxg6 47.g4 Rd3+ 48.Kg2 Kf6 49.Ra5  1/2-1/2

[Event "Heart of Finland"]
[Site "Jyvaskyla FIN"]
[Date "2010.07.10"]
[Round "8"]
[White "Pohjala,H"]
[Black "Topi Hulmi,T"]
[Result "1-0"]
[WhiteElo "2220"]
[BlackElo "2302"]

1.d4 d5 2.Nf3 Nf6 3.c4 c6 4.Nc3 dxc4 5.a4 Bf5 6.e3 e6 7.Bxc4 Bb4 8.O-O Nbd7
9.Qe2 Bg6 10.e4 O-O 11.Bd3 Qa5 12.e5 Nd5 13.Bxg6 hxg6 14.Ne4 c5 15.Nfg5 cxd4
16.Qf3 Nxe5 17.Qh3 Rfe8 18.Qh7+ Kf8 19.Qh8+ Ke7 20.Qxg7 Bd6 21.Nxd6 Kxd6
22.Ne4+  1-0

[Event "ZDMI Open"]
[Site "Dresden GER"]
[Date "2010.07.11"]
[Round "2"]
[White "Boehme Ziska,C"]
[Black "Marotzke,S"]
[Result "1-0"]
[WhiteElo "1711"]
[BlackElo "2026"]

1.d4 d5 2.c4 c6 3.Nf3 Nf6 4.Nc3 dxc4 5.a4 Bf5 6.e3 h6 7.Bxc4 e6 8.O-O Nbd7
9.Re1 Ne4 10.Nxe4 Bxe4 11.Nd2 Bg6 12.Qb3 Qc7 13.Bxe6 O-O-O 14.Bxf7 Bxf7 15.Qxf7 Bd6
16.Nf1 Rdf8 17.Qb3 Qa5 18.Re2 Qh5 19.Qc2 Rf6 20.e4 Rg6 21.e5 Be7 22.Be3 Qg4
23.g3 h5 24.Nd2 Nb6 25.Qe4 Qe6 26.a5 Nd5 27.a6 b6 28.Rc1 h4 29.Qg2 Rg4 30.Rce1 Qg6
31.Nf1 Qe6 32.Rc1 Rg6 33.Rec2 Kd7 34.Re1 Nb4 35.Rcc1 Nd3 36.d5 cxd5 37.f4 Nxe1
38.Rxe1 Bc5 39.f5 Bxe3+ 40.Nxe3 Qxe5 41.fxg6 Re8 42.Nc2 Qd6 43.Qh3+ Kd8 44.Qxh4+ Kd7
45.Qg4+ Kd8 46.Qg5+ Kd7 47.Qf5+ Kd8 48.Rxe8+ Kxe8 49.Qf7+ Kd8 50.Qg8+ Kc7
51.Qxg7+ Kc6  1-0

[Event "7th South Wales Int"]
[Site "Treforest WLS"]
[Date "2010.07.12"]
[Round "4"]
[White "Kett,T"]
[Black "Garcia,Jas"]
[Result "1-0"]
[WhiteElo "2222"]
[BlackElo "2008"]

1.d4 d5 2.c4 c6 3.Nf3 Nf6 4.Nc3 dxc4 5.a4 Bf5 6.Ne5 e6 7.f3 h6 8.e4 Bh7 9.Bxc4 Nbd7
10.Qb3 Nxe5 11.dxe5 Nd7 12.Be3 Bc5 13.Bxc5 Nxc5 14.Qa3 Nd3+ 15.Bxd3 Qxd3
16.Nb5 Qxa3 17.Nxa3 f5 18.exf5 Bxf5 19.Nc4 Ke7 20.Ke2 Rad8 21.Nd6 Rd7 22.Ke3 Rhd8
23.Rac1 a6 24.a5 Rc7 25.b4 Rcd7 26.Rhd1 Rb8 27.Rd2 Rc7 28.Nxf5+ exf5 29.Kf4 b6
30.Kxf5 bxa5 31.bxa5 Rb5 32.f4 Rxa5 33.Kg6 Ra4 34.g3 c5 35.Kxg7 h5 36.Kg6 h4
37.Kf5 hxg3 38.hxg3 Rc8 39.Rdc2 Rf8+ 40.Kg4 Rg8+ 41.Kf3 Rd4 42.Rxc5 Rd3+
43.Ke4 Rdxg3 44.Rc7+ Kf8 45.Ra7 Ra3 46.Rc8+  1-0

[Event "Int ch-SVK OpenA"]
[Site "Banska Stiavnica SVK"]
[Date "2010.07.13"]
[Round "4"]
[White "Kantorik,M"]
[Black "Vacek,O"]
[Result "1-0"]
[WhiteElo "2379"]
[BlackElo "2114"]

1.d4 d5 2.c4 c6 3.Nf3 Nf6 4.Nc3 dxc4 5.a4 Bf5 6.Ne5 Nbd7 7.Nxc4 Nb6 8.Ne5 a5
9.f3 e6 10.e4 Bg6 11.Be3 Nfd7 12.Qb3 Bb4 13.Nd3 Bd6 14.Be2 O-O 15.O-O Rc8
16.Rad1 h6 17.f4 Kh8 18.Bf3 Re8 19.Ne5 Qc7 20.Rc1 Bb4 21.Nxg6+ fxg6 22.Bg4 Qd6
23.Rfd1 Rcd8 24.Na2 Qe7 25.Nxb4 axb4 26.a5 Nc8 27.a6 bxa6 28.Rxc6 Nf8 29.Rxa6 Qb7
30.Ra5 Ne7 31.Bf3 Nc6 32.Ra4 Qb5 33.e5 Rd5 34.Bxd5 exd5 35.Raa1 Ne6 36.Qd3 Qb6
37.Qxg6 Nc7 38.f5 Nxe5 39.Qxb6 Nf3+  1-0

[Event "ZDMI Open"]
[Site "Dresden GER"]
[Date "2010.07.13"]
[Round "4"]
[White "Mouritsen,J"]
[Black "Marotzke,S"]
[Result "1-0"]
[WhiteElo "1751"]
[BlackElo "2026"]

1.d4 d5 2.c4 c6 3.Nc3 Nf6 4.Nf3 dxc4 5.a4 Bf5 6.e3 e6 7.Bxc4 Bd6 8.O-O O-O
9.Re1 Ne4 10.Bd3 Nxc3 11.bxc3 Bxd3 12.Qxd3 Nd7 13.e4 e5 14.Bg5 Qc7 15.Rad1 f6
16.Be3 Rfd8 17.h3 b6 18.Nh4 exd4 19.cxd4 c5 20.Nf5 Bf4 21.Qc4+ Kh8 22.Qf7 Bh2+
23.Kh1 Rg8 24.dxc5 Rad8 25.g3 g6 26.Rxd7 Rxd7 27.Qxf6+ Rgg7 28.Nxg7 Rxg7
29.Qf8+ Rg8 30.Bd4+  1-0

[Event "7th South Wales Int"]
[Site "Treforest WLS"]
[Date "2010.07.14"]
[Round "7"]
[White "Fathallah,J"]
[Black "Jones,J"]
[Result "1-0"]
[WhiteElo "1919"]
[BlackElo "1585"]

1.d4 d5 2.c4 c6 3.Nc3 Nf6 4.Nf3 dxc4 5.a4 Bf5 6.e3 e6 7.Bxc4 Bb4 8.O-O O-O
9.Ne5 Nbd7 10.f4 Bxc3 11.bxc3 Nxe5 12.fxe5 Nd5 13.Qe1 Rc8 14.e4 Nb6 15.exf5 Nxc4
16.f6 g6 17.Qh4 h5 18.Qg5 Nd6 19.exd6  1-0

[Event "5th Nana Aleksandria Cup"]
[Site "Poti GEO"]
[Date "2010.07.15"]
[Round "5"]
[White "Kotanjian,T"]
[Black "Guramishvili,S"]
[Result "0-1"]
[WhiteElo "2551"]
[BlackElo "2298"]

1.d4 d5 2.c4 c6 3.Nf3 Nf6 4.Nc3 dxc4 5.a4 Bf5 6.Ne5 Nbd7 7.Nxc4 Nb6 8.Ne5 a5
9.f3 Nfd7 10.e4 Nxe5 11.exf5 Nec4 12.Qb3 Nd6 13.Bd3 g6 14.fxg6 hxg6 15.Bf4 Bg7
16.O-O-O Rh4 17.g4 Qc7 18.Kb1 Rh3 19.Bg3 O-O-O 20.Bf1 Rhh8 21.h4 Kb8 22.Be5 Bxe5
23.dxe5 Ndc8 24.Rxd8 Rxd8 25.f4 f6 26.h5 gxh5 27.gxh5 fxe5 28.h6 exf4 29.h7 Rh8
30.Bd3 Qd8 31.Bc2 Nd6 32.Qe6 Nbc4 33.Rg1 Qb6 34.Rg8+ Ka7 35.Nd1 Na3+ 36.Kc1 Qc5
37.bxa3 Rxh7 38.Qb3 Rh1 39.Rf8 e5 40.Qg8 Qxa3+ 41.Kb1 Qb4+ 42.Kc1 Kb6 43.Ra8 Qa3+
44.Kb1 Qb4+ 45.Kc1 Kc5 46.Qe6 Qa3+ 47.Kb1 Qb4+ 48.Kc1 Re1 49.Rd8 Nc4 50.Qe7+ Kb6
51.Qxb4+ axb4 52.Bb3 Na5 53.Be6 f3 54.Rf8 e4 55.Kd2 Re2+ 56.Kc1 b3 57.Rf5 e3  0-1

[Event "29th Jacques Lemans Open"]
[Site "St Veit SUI"]
[Date "2010.07.15"]
[Round "6"]
[White "Winiwarter,F"]
[Black "Hartl,D"]
[Result "0-1"]
[WhiteElo "2154"]
[BlackElo "2202"]

1.d4 d5 2.c4 c6 3.Nf3 Nf6 4.Nc3 dxc4 5.a4 Bf5 6.e3 e6 7.Bxc4 Bb4 8.O-O Nbd7
9.Qe2 Bg6 10.Rd1 O-O 11.Bd2 Qe7 12.Be1 Rfe8 13.Ne5 Bd6 14.Nxg6 hxg6 15.e4 Bc7
16.b4 a5 17.b5 Nb6 18.Bb3 c5 19.dxc5 Qxc5 20.Rac1 Qa3 21.Rb1 Be5 22.h3 Rec8
23.Qe3 Nc4 24.Qe2 Nd6 25.Rd3 Qc5 26.Rbd1 Nh5 27.Qe3 Qxe3 28.Rxe3 Bxc3 29.Rxc3 Rxc3
30.Bxc3 Nxe4 31.Bd4 Rc8 32.f3 Nc3 33.Rd2 Nf4 34.Kf2 Ncd5 35.h4 Nb4 36.g4 Nfd5
37.g5 Kf8 38.Kg3 f6 39.f4 Kf7 40.Re2 Rc1 41.Kf3 Rb1 42.Bc4 Rd1 43.Bxd5 Nxd5
44.Ke4 Ke7 45.h5 f5+ 46.Ke5 Nb4 47.Re3 gxh5  0-1

[Event "Open A"]
[Site "Oberwart AUT"]
[Date "2010.07.16"]
[Round "4"]
[White "Kovacs,Ga2"]
[Black "Liedl,W"]
[Result "1/2-1/2"]
[WhiteElo "2500"]
[BlackElo "2183"]

1.Nf3 d5 2.d4 Nf6 3.c4 c6 4.Nc3 dxc4 5.a4 Bf5 6.Ne5 e6 7.e3 c5 8.Bxc4 cxd4
9.exd4 Nc6 10.Be3 Bb4 11.Qb3 Nxd4 12.Bxd4 Qxd4 13.Qxb4 Qxe5+ 14.Ne2 a6 15.O-O Qc7
16.Nd4 Be4 17.Rfe1 Bd5 18.Rac1 Qe7 19.Qd2 O-O 20.Bxd5 Nxd5 21.Nxe6 fxe6 22.Qxd5 exd5
23.Rxe7 Rac8 24.Rcc7 Rxc7 25.Rxc7 Rf7 26.Rc8+ Rf8 27.Rc5 Rf4 28.b3 Rb4 29.Rc3 Kf7
30.Kf1 Kf6 31.Ke2 h5 32.Rf3+ Ke6 33.Kd2 g5 34.Kc3 a5 35.Rf8 b6 36.f3 h4 37.g3 Ke5
38.Re8+ Kf5 39.Kc2 Rd4 40.Re3 Rb4 41.Re1 hxg3 42.hxg3 Kf6 43.Rh1 Ke5 44.Rh5 Kf6
45.Rh8 Ke5 46.Re8+ Kf6 47.Rf8+ Ke5 48.Kc3 Ke6 49.Re8+ Kf5 50.Re1 Kf6 51.Rd1 Ke5
52.Rd2 d4+ 53.Kc2 b5 54.axb5 Rxb5 55.Re2+ Kf5 56.Re4 Rb4 57.g4+ Kf6 58.Re8 d3+
59.Kc3 d2 60.Rd8 Rf4 61.Kxd2 Kg6 62.Rd6+ Kh7 63.Rd5 Rxf3 64.Kc2 Rf4 65.Rxg5 a4
66.bxa4 Rxa4 67.Kd3 Kh6 68.Rd5 Rxg4 69.Rd4 Rxd4+ 70.Kxd4  1/2-1/2

[Event "Open"]
[Site "Antakya TUR"]
[Date "2010.07.17"]
[Round "4"]
[White "Guliev,L"]
[Black "Abbasov,F"]
[Result "1/2-1/2"]
[WhiteElo "2437"]
[BlackElo "2549"]

1.d4 d5 2.c4 c6 3.Nf3 Nf6 4.Nc3 dxc4 5.a4 Bf5 6.e3 e6 7.Bxc4 Nbd7 8.O-O a5
9.Qe2 Bb4 10.e4 Bg4 11.Bd3 Bh5  1/2-1/2

[Event "Sparkassen Open A"]
[Site "Dortmund GER"]
[Date "2010.07.18"]
[Round "2"]
[White "Henrichs,T"]
[Black "Bluebaum,M"]
[Result "1-0"]
[WhiteElo "2490"]
[BlackElo "2098"]

1.d4 d5 2.c4 c6 3.Nf3 Nf6 4.Nc3 dxc4 5.a4 Bf5 6.Nh4 Bg4 7.h3 Bh5 8.g4 Bg6
9.Bg2 e6 10.Nxg6 hxg6 11.O-O Qc7 12.e4 Nbd7 13.f4 O-O-O 14.Qe2 a6 15.Rd1 c5
16.d5 exd5 17.e5 d4 18.exf6 dxc3 19.bxc3 Nxf6 20.Rxd8+ Qxd8 21.Qf3 Qb6 22.g5 Ne8
23.f5 gxf5 24.a5 Qc6 25.Qxf5+ Qe6 26.Qf2 Qd7 27.Bf4 Bd6 28.Be3 Nc7 29.Bxc5 Nb5
30.Bxd6 Nxd6 31.Qd4 Qc7 32.Rb1 Re8 33.Qxg7 Qxa5 34.g6 Qf5 35.Rd1 Qc5+ 36.Qd4 Qxd4+
37.Rxd4 Kc7 38.gxf7 Nxf7 39.Rxc4+ Kb8 40.h4 Rh8 41.Rf4 Nd6 42.c4 Rc8 43.Bd5 b5
44.Rf6 Nxc4 45.Rxa6 Rc5 46.Bf3 Ne5 47.Be2 Kb7 48.Rf6 Kc7 49.h5 Kd7 50.h6 Ke7
51.Rb6 Rc8 52.Rxb5 Nf7 53.h7 Rh8 54.Bd3 Kf6 55.Rb6+ Kg7 56.Rb7 Kf6 57.Kg2 Ne5
58.Be4 Nf7 59.Ra7 Re8 60.Bd5 Nh8 61.Kf3 Kg6 62.Kf4 Rf8+ 63.Kg4 Rd8 64.Be4+ Kh6
65.Kf5 Rf8+ 66.Ke5 Re8+ 67.Kf4 Rf8+ 68.Bf5 Ng6+ 69.Ke4 Re8+ 70.Kd4 Nh8 71.Kd5 Rd8+
72.Ke6 Re8+ 73.Kd7 Rf8 74.Ke6 Re8+ 75.Kf6 Rf8+ 76.Ke5 Re8+ 77.Kf4 Rf8 78.Kg4 Rd8
79.Ra6+ Kg7 80.Kh5 Rd5 81.Kg5 Nf7+ 82.Kf4 Rd4+ 83.Be4 Nd6 84.Ra7+ Nf7 85.Rxf7+  1-0

[Event "Open A"]
[Site "Oberwart AUT"]
[Date "2010.07.18"]
[Round "6"]
[White "Serov,M"]
[Black "Loidl,F"]
[Result "1-0"]
[WhiteElo "2347"]
[BlackElo "2209"]

1.d4 d5 2.Nf3 Nf6 3.c4 c6 4.Nc3 dxc4 5.a4 Bf5 6.Ne5 Nbd7 7.Nxc4 Qc7 8.g3 e5
9.dxe5 Nxe5 10.Bf4 Nfd7 11.Bg2 g5 12.Ne3 gxf4 13.Nxf5 fxg3 14.hxg3 O-O-O
15.Qc2 Bb4 16.Kf1 Nc5 17.Ne3 Ng6 18.Na2 Na6 19.Nxb4 Nxb4 20.Qc3 a5 21.Rh5 Ne7
22.Bf3 Kb8 23.Kg2 Rhe8 24.Rxh7 Ned5 25.Nxd5 Nxd5 26.Qg7 Nf4+ 27.Kf1 Ne6 28.Qxf7 Qb6
29.Kg2 Ka8 30.Rd1 Nc5 31.Rc1 Nxa4 32.b3 Nb2 33.Rb1 Rf8 34.Qe7 Nc4 35.bxc4 Qxb1
36.Bxc6 Rb8 37.f3 Rh8 38.Bxb7+ Qxb7 39.Qxb7+ Rxb7 40.Rxh8+ Ka7 41.f4 a4 42.f5 a3
43.Rh1  1-0

[Event "2nd Open"]
[Site "Rethymno GRE"]
[Date "2010.07.18"]
[Round "7"]
[White "Filip,L"]
[Black "Rychagov,A"]
[Result "1/2-1/2"]
[WhiteElo "2470"]
[BlackElo "2538"]

1.Nf3 d5 2.d4 Nf6 3.c4 c6 4.Nc3 dxc4 5.a4 Bf5 6.Ne5 Nbd7 7.Nxc4 Nb6 8.Ne5 a5
9.f3 Nfd7 10.Nxd7 Nxd7 11.e4 Bg6 12.Be2 e6 13.Be3 Bb4 14.O-O O-O 15.Qb3 Qb6
16.Bf2 Qc7 17.Rac1 Bd6 18.g3 Qb8 19.Rfd1 Re8 20.Bf1 Kh8 21.Bh3 f5 22.d5 Ne5
23.f4 Nf3+ 24.Kg2 fxe4 25.dxe6 Bxf4 26.gxf4 Qxf4 27.Bg3 Nh4+ 28.Bxh4 Qf3+
29.Kg1 Qxh3 30.Bg3 Bh5 31.Re1 Bf3 32.Rc2 Rxe6 33.Qxb7 Rae8 34.Qf7 h5 35.Qf4 g5
36.Qf7 h4 37.Bd6 Qg4+ 38.Kf1 Qh3+ 39.Kg1 Qg4+ 40.Kf1 Qh3+  1/2-1/2

[Event "Sparkassen Open A"]
[Site "Dortmund GER"]
[Date "2010.07.19"]
[Round "3"]
[White "Richters,M"]
[Black "Rott,G"]
[Result "0-1"]
[WhiteElo "1951"]
[BlackElo "2221"]

1.d4 d5 2.c4 c6 3.Nf3 Nf6 4.Nc3 dxc4 5.a4 Bf5 6.Ne5 e6 7.Nxc4 Nbd7 8.Bg5 Be7
9.f3 h6 10.Bh4 O-O 11.e4 Bh7 12.Bf2 Bb4 13.Be2 c5 14.O-O cxd4 15.Bxd4 Bc5
16.e5 Ne8 17.f4 Rc8 18.b3 Bxd4+ 19.Qxd4 Nc5 20.Qxd8 Rxd8 21.b4 Nd3 22.Rad1 Nc7
23.Na2 Na6 24.b5 Nac5 25.Rd2 Rd4 26.Nb2 Nxf4 27.Rfd1 Nxe2+ 28.Rxe2 Rxd1+
29.Nxd1 Nxa4  0-1

[Event "Open A"]
[Site "Oberwart AUT"]
[Date "2010.07.19"]
[Round "7"]
[White "Flumbort,A"]
[Black "Lintchevski,D"]
[Result "1/2-1/2"]
[WhiteElo "2540"]
[BlackElo "2507"]

1.d4 d5 2.c4 dxc4 3.Nf3 Nf6 4.Nc3 c6 5.a4 Bf5 6.e3 e6 7.Bxc4 Bb4 8.O-O Nbd7
9.Qe2 Bg6 10.e4 O-O 11.Bd3 h6 12.Bf4 a6 13.Rfd1 Re8 14.Rac1 Bh5 15.h3 Bxf3
16.Qxf3 e5 17.Be3 exd4 18.Bxd4 Ne5 19.Qe3 Qe7 20.Bb1 Ng6 21.f3 Rad8 22.Bb6  1/2-1/2